¿Es posible la formación de personas éticas y comprometidas en la universidad? La asignatura de Educación para la paz y la igualdad en los Grados de Magisterio (Record no. 200072)
[ view plain ]
| 000 -CABECERA | |
|---|---|
| campo de control de longitud fija | 02386nab a2200337 a 4500 |
| 005 - FECHA Y HORA DE LA ÚLTIMA TRANSACCIÓN | |
| campo de control | 20210219163720.0 |
| 008 - ELEMENTOS DE LONGITUD FIJA--INFORMACIÓN GENERAL | |
| campo de control de longitud fija | 991125s1985 mx 000 0 spa u |
| 035 ## - NÚMERO DE CONTROL DEL SISTEMA | |
| Número de control de sistema | UPN01000227977 |
| 049 ## - COLECCIÓN | |
| Colección | ART-E |
| 100 1# - ASIENTO PRINCIPAL--NOMBRE PERSONAL | |
| Nombre de persona | Torrego Egido, Luis |
| Enlace | - ltorrego@pdg.uva.es |
| 100 1# - ASIENTO PRINCIPAL--NOMBRE PERSONAL | |
| Nombre de persona | Martínez Scott, Suyapa |
| 100 1# - ASIENTO PRINCIPAL--NOMBRE PERSONAL | |
| Nombre de persona | Sonlleva Velasco, Miriam |
| 222 #0 - TÍTULO CLAVE | |
| Título clave | AULA ABIERTA |
| 245 00 - MENCIÓN DE TÍTULO | |
| Título | ¿Es posible la formación de personas éticas y comprometidas en la universidad? La asignatura de Educación para la paz y la igualdad en los Grados de Magisterio |
| 260 ## - PUBLICACIÓN, DISTRIBUCIÓN, ETC. | |
| Lugar de publicación, distribución, etc. | España |
| 300 ## - DESCRIPCIÓN FÍSICA | |
| Extensión | 415-422 |
| 362 0# - FECHAS DE PUBLICACIÓN Y/O DESIGNACIÓN SECUENCIAL | |
| Fecha de publicación y/o designación secuencial | 2018 Vol. 47, no. 4, oct.-dic. |
| 336 ## - TIPO DE CONTENIDO | |
| Término de tipo de contenido | texto$2rdacontent |
| 337 ## - TIPO DE MEDIO | |
| Nombre/término del tipo de medio | computadora$2rdamedia |
| 338 ## - TIPO DE SOPORTE | |
| Nombre/término del tipo de soporte | recurso en linea$2rdacarrier |
| 520 3# - NOTA DE RESUMEN, ETC. | |
| Sumario, etc. | La universidad debería formar estudiantes bien informados, dotados de sentido crítico y comprometidos con la transformación social desde una ética universal basada en la solidaridad y en el bien común. Sin embargo, en la universidad actual predomina una visión utilitarista de la formación. La asignatura Educación para la paz y la igualdad se imparte en los Grados de Educación Infantil y Educación Primaria de la Universidad de Valladolid. Su finalidad es contribuir a la formación de personas éticas y comprometidas. En este artículo se analizan la potencialidad y los logros de esa asignatura. Mediante un estudio de caso en el que se utilizan entrevistas, observación no participante, cuestionarios, análisis de documentos y análisis de producciones del alumnado de la asignatura, se evalúa la valoración por parte de los estudiantes y la influencia que ejerce en ellos, así como los aprendizajes que genera. Se constata una mayor sensibilización, una mejora en la comprensión de la realidad global y el descubrimiento de estrategias didácticas para trabajar la paz y la igualdad en la escuela, pero sigue existiendo una actitud pasiva en buena parte del alumnado. Se precisa una educación contra el conformismo y la indiferencia. |
| 653 0# - TERMINO DE INDIZACION - NO CONTROLADO | |
| Término no controlado | FORMACION INICIAL |
| 653 0# - TERMINO DE INDIZACION - NO CONTROLADO | |
| Término no controlado | ETICA |
| 653 0# - TERMINO DE INDIZACION - NO CONTROLADO | |
| Término no controlado | ESTUDIO DE CASO |
| 653 0# - TERMINO DE INDIZACION - NO CONTROLADO | |
| Término no controlado | MODELO EDUCATIVO |
| 653 0# - TERMINO DE INDIZACION - NO CONTROLADO | |
| Término no controlado | UNIVERSIDAD |
| 856 4# - LOCALIZACIÓN Y ACCESO ELECTRÓNICOS | |
| Identificador Uniforme del Recurso | <a href="https://www.unioviedo.es/reunido/index.php/AA/article/view/13065/11862">https://www.unioviedo.es/reunido/index.php/AA/article/view/13065/11862</a> |
| 856 4# - LOCALIZACIÓN Y ACCESO ELECTRÓNICOS | |
| Identificador Uniforme del Recurso | <a href="https://doi.org/10.17811/rifie.47.4.2018.415-422">https://doi.org/10.17811/rifie.47.4.2018.415-422</a> |
| 905 ## - TIPO DE MATERIAL | |
| Tipo de material | Articulo |
No items available.
